Responses for show #7653 - Wednesday, December 13, 2017

Contestants

Bryce Johnson, an analytics manager from Evanston, Illinois

Rachel Schemmel, a teacher from Ridgewood, New Jersey

LaKedra Pam, a physician from Baton Rouge, Louisiana (whose 2-day cash winnings total $32,800)

Jeopardy! Round responses

THEY SAY IT KEEPS YOU SHARP
CONGRESSIONAL POWERS
TV REBOOTS & REVIVALS
SHAKESPEARE PLAY BY GRADUALLY EASIER CHARACTER
ROBERTS' RULES
OF "ORDER"
    $200 19
meditation

Rachel
    $200 24
counterfeiters

LaKedra
    $200 11
Twin Peaks

LaKedra
    $200 6
Othello

Bryce
    $200 16
William the Conqueror

LaKedra
    $200 1
batting order

Rachel
    $400 20
crosswords

Bryce
    $400 27
ratifies

LaKedra
    $400 12
Will & Grace

LaKedra
    $400 7
The Taming of the Shrew

Bryce
    $400 17
Constantinople

Triple Stumper
    $400 2
short order cooks

LaKedra
    $600 21
a language

Bryce
    $600 28
immunity

LaKedra
    $600 13
Curb Your Enthusiasm

Rachel
    $600 8
King Lear

Bryce
    $600 18
Westeros

Bryce
    $600 3
marching orders

Bryce
    $800 22
Vitamin D

LaKedra
    $800 29
patents

Bryce
    $800 14
Mystery Science Theater 3000

Bryce
    $800 9
A Midsummer Night's Dream

LaKedra
    $800 25
Robert the Bruce

Bryce
    $1,000 4
pecking order

Bryce
    $1000 23
the Mediterranean diet

Rachel
    $1000 30
the Electoral College votes

LaKedra
    $1000 15
(Rachel: What is 90210?)

Mother, May I Sleep With Danger?

Rachel
Triple Stumper
    $1000 10
Julius Caesar

Bryce
    $1000 26
Avignon

Triple Stumper
    $1000 5
mail-order brides

Bryce

Scores at the first commercial break (after clue 15):

LaKedra Rachel Bryce
$1,800 -$200 $5,600

Scores at the end of the Jeopardy! Round:

LaKedra Rachel Bryce
$5,000 $1,000 $8,800

Double Jeopardy! Round responses

THAT'S AMAZING!
ASIAN RIVERS
WEBBY AWARDS 5-WORD ACCEPTANCE SPEECHES
RELIGION
MUSIC DOC SUBJECTS
CONTRONYMS
    $400 11
bacteria

Bryce
    $400 22
the Mekong

Bryce
    $400 6
Gillian Anderson

Rachel
    $400 7
Quakers

Rachel
    $400 17
the Grateful Dead

Triple Stumper
    $400 1
a hacker

LaKedra
    $800 12
a fiber optic cable

LaKedra
    $4,000 23
(Bryce: What is the Euphrates?)

the Tigris

Bryce
    $800 9
(Arianna) Huffington

Bryce
    $800 8
Hinduism

Bryce
    $800 18
the Sex Pistols

LaKedra
    $800 2
aloha

Rachel
    $1200 13
a squid

Rachel
    $1200 27
Shanghai

LaKedra
    $1200 10
Zach Galifianakis

Triple Stumper
    $1200 14
Zoroaster

LaKedra
    $1200 19
the Dixie Chicks

Triple Stumper
    $1200 3
a peer

LaKedra
    $1600 24
an alloy

Bryce
    $1600 28
(LaKedra: What is the Ganges?)

the Indus

LaKedraBryce
    $1600 26
pics

LaKedra
    $1,600 15
the Book of Mormon

LaKedra
    $1600 20
(Alex: He died this past year.)

Glen Campbell

Triple Stumper
    $1600 4
impregnable

Bryce
    $2000 25
the triple point

Bryce
    $2000 30
Borneo

Triple Stumper
    $2000 29
sneeze at

Bryce
    $2000 16
a caliph

Rachel
    $2000 21
Nas

LaKedra
    $2000 5
(LaKedra: What is stay?)
[Originally ruled incorrect; ruled correct before the first Daily Double]

a continuance (or stay)

LaKedraBryce

Scores at the end of the Double Jeopardy! Round:

LaKedra Rachel Bryce
$16,200 $5,800 $18,000

[wagering suggestions for these scores]

Final Jeopardy! Round responses

WORLD LITERATURE
RachelWho is Singer
$5,800
LaKedraWho is Garcia Marquez?
$13,000
BryceWho is Marquez?
$14,401
Gabriel García Márquez

Final scores:

LaKedra Rachel Bryce
$29,200 $0 $32,401
2nd place: $2,000 3rd place: $1,000 New champion: $32,401

Game dynamics:

Coryat scores:

LaKedra Rachel Bryce
$16,200 $5,800 $21,800
20 R
(including 1 DD),
1 W
9 R,
1 W
23 R
(including 1 DD),
1 W
(including 1 DD)

Combined Coryat: $43,800

The J! Archive is created by fans, for fans. The Jeopardy! game show and all elements thereof, including but not limited to copyright and trademark thereto, are the property of Jeopardy Productions, Inc. and are protected under law. This website is not affiliated with, sponsored by, or operated by Jeopardy Productions, Inc. Join the discussion at JBoard.tv.